On some aspects of intercultural communication in tourism

Autorka sa vo svojom príspevku venuje interkultúrnej komunikácii v cestovnom ruchu. Interkultúrny tréning a ľudské zdroje. Interkultúrne zručný manažér. Profesionálna obchodná komunikácia. Aspekty profesionálnej komunikácie. Priama komunikácia.

Gespeichert in:
Bibliographische Detailangaben
1. Verfasser: Bocková, Viera
Format: Buchkapitel
Sprache:Englisch
Schlagworte:
Tags: Tag hinzufügen
Keine Tags, Fügen Sie das erste Tag hinzu!

MARC

LEADER 00000naa$a2200000$$$4500
001 0012746
005 20221104094847.3
041 0 |a eng 
044 |a SK 
245 1 0 |a On some aspects of intercultural communication in tourism  |c aut. Viera Bocková 
520 |a Autorka sa vo svojom príspevku venuje interkultúrnej komunikácii v cestovnom ruchu. Interkultúrny tréning a ľudské zdroje. Interkultúrne zručný manažér. Profesionálna obchodná komunikácia. Aspekty profesionálnej komunikácie. Priama komunikácia. 
610 2 0 |a komunikácia multikultúrna 
610 2 0 |a komunikácia 
610 2 0 |a manažéri 
610 2 0 |a ruch cestovný 
610 2 0 |a kultúra 
100 1 |a Bocková, Viera